Statistics for Ben Franklin Quotes Quiz

Click here to take the quiz!

General Stats

  • This quiz has been taken 20,397 times
    (6,461 since last reset)
  • The average score is 10 of 18

Answer Stats

Quote or Proverb% Correct
A penny saved is a penny {earned}
90%
Nothing is certain but death and {taxes}
83%
Time is {money}
76%
Never leave that till tomorrow which you can {do} {today}
75%
Three can keep a secret, if two of them are {dead}
74%
Haste makes {waste}
64%
God helps those who {help} {themselves}
63%
Love your {enemies}, for they tell you your faults
55%
An ounce of {prevention} is worth a pound of cure
49%
Early to bed and early to rise, makes a man {healthy}, {wealthy}, {and} {wise}
48%
If all printers were determined not to print anything till they were sure it would {offend} nobody,
there would be very little printed
44%
There was never a good war or a {bad} {peace}
44%
He that lieth down with dogs shall rise up with {fleas}
42%
We must, indeed, all hang together, or assuredly we shall all hang {separately}
36%
They who can give up essential liberty to obtain a little temporary {safety} deserve neither and lose both
35%
{Half} of the truth is often a great lie
34%
{Beer} is living proof that God loves us, and wants us to be happy
30%
Fish and {visitors} stink in three days
30%

Score Distribution

Percentile by Number Answered

Percent of People with Each Score

Your Score History

You have not taken this quiz since the last reset